000 00827nam a22003134a 4500
001 UByD003248
003 AR-LpoUNG
005 20240927123956.0
008 240927s2023 ag o g 00| 0dspa d
040 _aAR-LpoUNG
_bspa
_cAR-LpoUNG
_eaacr
041 0 _aspa
082 0 _a982.084 531mar
100 1 _aLas Heras, Mariano Alejandro
245 1 0 _aMariano, el arquitecto de la revolución
250 _a1ra. ed.
260 _aBuenos Aires :
_bMariano Alejandro Las Heras,
_c2023.
300 _a183 p. :
_bfot. byn.
600 1 0 _aMORENO, MARIANO
650 4 _aHISTORIA
650 4 _aHISTORIA NACIONAL
650 4 _aENSAYO
650 4 _aBIOGRAFIAS
650 4 _aINTELECTUALES
650 4 _aREVOLUCION
650 4 _aHISTORIA POLITICA
651 4 _aARGENTINA
653 0 _aAUTORES LOCALES
942 _2ddc
_cLIB
999 _c65898
_d65898